Movies Quiz

Random Movies or James Bond Quiz

007 In Other Words Quiz Stats

Quiz Updated Nov 6, 2015

Challenge
Share
Tweet
Embed
Score 0/24 Timer 04:00
2 Plays Today
Alternate movie title Bond film % Correct
The Agent Who Had Fervor for MeThe Spy Who Loved Me
94.5%
Certification to AssassinateLicence to Kill
90.4%
The Dude with the Amber Metal FirearmThe Man with the Golden Gun
89.4%
The Globe is InadequateThe World is Not Enough
87.2%
From the Biggest Nation with AdorationFrom Russia with Love
87.2%
Regal Gambling HouseCasino Royale
84.8%
The Next Day Does Not ExpireTomorrow Never Dies
84.6%
Hard Carbon Lasts an EternityDiamonds are Forever
84.1%
Exist then Allow to ExpireLive and Let Die
83.8%
Lunar ProcurerMoonraker
82.7%
You Exist Just Two TimesYou Only Live Twice
80.6%
Solely for Your OptiorbsFor Your Eyes Only
76.1%
Alternate movie title Bond film % Correct
GhostSpectre
70.7%
Negative Man with a Philosophy DegreeDr. No
70.3%
Atmosphere DescentSkyfall
69.8%
Allotment of CondolenceQuantum of Solace
66.5%
A Scene to an ExecutionA View to a Kill
65.6%
For the Queen's Covert Dispensation On Her Majesty's Secret Service
64.3%
AuridactylGoldfinger
56.5%
CephalopodicOctopussy
54.4%
Pass on Some Other Morning-to-Night CycleDie Another Day
53.1%
RumblesphereThunderball
49.6%
AurosphereGoldeneye
48.4%
The Existing Rays from the SunThe Living Daylights
34.3%

You're not logged in!

Compare scores with friends on all Sporcle quizzes.
Join for Free
OR
Log In

You Might Also Like...

Show Comments

Extras

Top Quizzes Today


Score Distribution

Your Account Isn't Verified!

In order to create a playlist on Sporcle, you need to verify the email address you used during registration. Go to your Sporcle Settings to finish the process.

Report this User

Report this user for behavior that violates our Community Guidelines.

Details: